| 000 | 01000nam a2200265 4500 | ||
|---|---|---|---|
| 001 | 10834 | ||
| 003 | BD-JhCC | ||
| 005 | 20230715092928.0 | ||
| 008 | 190521b20182015bd ||||| |||| 00| 0 ben d | ||
| 020 | _a9847009603181 | ||
| 035 | _a(BD-JhCC)10834 | ||
| 040 |
_aBD-JhCC _dBD-JhCC |
||
| 041 | _aben | ||
| 082 |
_a510.76 _bSOR 2018 |
||
| 100 | _aসরকার, দিপু | ||
| 245 |
_aজ্যামিতি : _bলক্ষ্য যখন অলিম্পিয়াড / _cদিপু সরকার, দীপ্ত আকাশ রায় ও প্রীতম কুমার মন্ডল. |
||
| 260 |
_aঢাকা, বাংলাদেশ, _bতাম্রলিপি: _c2018। |
||
| 300 |
_a207 p. _bIncluded _c21 cm. |
||
| 650 | _aGeometry | ||
| 650 | _aInternational Mathematics Olympiad | ||
| 700 | _aরায়, দীপ্ত আকাশ | ||
| 700 | _aমন্ডল, প্রীতম কুমার | ||
| 942 |
_2ddc _cBK _08 |
||
| 999 |
_c10834 _d10834 |
||